000 00374nam a2200145Ia 4500
005 20251222153640.0
008 251222s9999||||xx |||||||||||||| ||spa||
020 _a8470923420
082 _a600/L73/V.I
100 _aLlauger Rosselló, J.
245 0 _aRadiología de las Enfermedades Pulmonares:
250 _a1ra.ed.
264 _bEditorial JIMS. S.A.
942 _cLIB
999 _c32703
_d32703